| 000 | 00609 a2200169 4500 | ||
|---|---|---|---|
| 003 | Nust | ||
| 005 | 20170207154319.0 | ||
| 040 | _cNust | ||
| 082 | _a005.1 | ||
| 100 | _aZainab Hafeez BESE-14 | ||
| 245 | _aPrediction stock trends using time series data menaning (Hard / Soft-copy) | ||
| 260 | _a99 p | ||
| 505 | _aIntroduction (Page-11) Literature Review (Page-14) Systems Requirements Specification (Page-19) Systems Design and Specifications (Page-24) Implementation (Page-55) Test Case (Page-84) Conclusion (Page-94) | ||
| 538 | _aAlmirah No.71 Shelf No.6 | ||
| 650 | _aUG Project | ||
| 651 | _aUG CS Project | ||
| 942 | _cTHS | ||
| 999 |
_c196685 _d196685 |
||